| 000 | 00724nam a2200265 a 4500 | ||
|---|---|---|---|
| 003 | AR-BaBNM | ||
| 005 | 20251128204716.0 | ||
| 008 | 082120s2002 ||||||||||||||000 | spa|| | ||
| 020 | _a84-204-3710-7 | ||
| 040 | _cAR-BaBNM | ||
| 100 | 1 | _aEnde, Michael | |
| 245 | 0 | 0 | _aEl dragón y la mariposa |
| 250 | _a1ª ed. | ||
| 260 |
_aMadrid _aBuenos Aires _bAlfaguara _bSantillana _c1993 |
||
| 300 |
_ap. om. _bil. |
||
| 490 | 0 |
_aInfantil Alfaguara _vv. 6 |
|
| 650 | 4 | _aLITERATURA INFANTIL | |
| 650 | 4 | _aLIBROS PARA NIÑOS | |
| 650 | 4 | _aCUENTOS DE ANIMALES | |
| 655 | _aLITERATURA | ||
| 700 | 1 |
_ade Horna, Luis _eilustrador |
|
| 700 | 1 |
_aLópez García-Bardoy, María Teresa _etraductor |
|
| 942 | _cBK | ||
| 998 | _cCarmen | ||
| 999 |
_c8514 _d8514 |
||